Membership directory /

Bibliographic Details
Previous Title:American Association of Equine Practitioners. A.A.E.P. directory
Corporate Author: American Association of Equine Practitioners
Format: Serial
Language:English
Published: [Lexington, Ky.] : The Association, 1988-
Subjects:
Online Availability: Check for online availability

MARC

Tag First Indicator Second Indicator Subfields
LEADER 00000cas a2200000 a 4500
001 in00004452613
005 20191202120906.0
008 880914d19882018kyuar ̂ ua0eng
022 |a 1068-0810 
035 |a (OCoLC)18484467 
040 |a NRC  |c NRC  |d TMV  |d UtOrBLW 
049 |a TMVM  |c 1  |c 2 
060 4 |a SF 611  |b A51186m 
110 2 |a American Association of Equine Practitioners. 
245 1 0 |a Membership directory /  |c American Association of Equine Practitioners. 
246 0 3 |a Member directory 
246 1 3 |a A.A.E.P. membership directory 
246 1 3 |a AAEP membership directory 
246 1 3 |a AAEP resource guide and membership directory  |f 1996-2018 
264 1 |a [Lexington, Ky.] :  |b The Association,  |c 1988- 
300 |a volumes ;  |c 23 cm. 
336 |a text  |2 rdacontent  |b txt 
337 |a unmediated  |2 rdamedia 
338 |a volume  |2 rdacarrier  |b nc 
362 0 |a 1988-2018 
500 |a S/CN: Keep all. Latest edition Ref. Others to bk stks. 
500 |a Bindery color/print: 598/W 
500 |a Title from cover. 
530 |a Part of title also available on CD-ROM in: AAEP resource guide and membership directory. 
650 2 |a Veterinary Medicine. 
655 2 |a Directory. 
776 1 |t AAEP resource guide and membership directory  |w (OCoLC)39025417 
780 0 0 |a American Association of Equine Practitioners.  |t A.A.E.P. directory  |w (OCoLC)3584155 
999 f f |s 308b5a20-e29b-3755-bada-7e71cf3b0201  |i caf247c9-e1eb-3cf0-a5dd-698ec4e700ad  |t 0 
952 f f |p preservation  |a Texas A&M University  |b J.J. Pickle Campus  |c High Density Repository  |d Remote Storage  |t 0  |e SF 611 A51186m  |h National Library of Medicine classification  |i unmediated -- volume  |l 1993  |m 323890238496E 
952 f f |p preservation  |a Texas A&M University  |b J.J. Pickle Campus  |c High Density Repository  |d Remote Storage  |t 0  |e SF 611 A51186m  |h National Library of Medicine classification  |i unmediated -- volume  |l 2010  |m 3238902193759 
952 f f |p preservation  |a Texas A&M University  |b J.J. Pickle Campus  |c High Density Repository  |d Remote Storage  |t 0  |e SF 611 A51186m  |h National Library of Medicine classification  |i unmediated -- volume  |l 1995  |m 323890238497F 
952 f f |p preservation  |a Texas A&M University  |b J.J. Pickle Campus  |c High Density Repository  |d Remote Storage  |t 0  |e SF 611 A51186m  |h National Library of Medicine classification  |i unmediated -- volume  |l 1997  |m 3238901457065 
952 f f |p preservation  |a Texas A&M University  |b J.J. Pickle Campus  |c High Density Repository  |d Remote Storage  |t 0  |e SF 611 A51186m  |h National Library of Medicine classification  |i unmediated -- volume  |l 1992  |m 3238902329727 
952 f f |p preservation  |a Texas A&M University  |b J.J. Pickle Campus  |c High Density Repository  |d Remote Storage  |t 0  |e SF 611 A51186m  |h National Library of Medicine classification  |i unmediated -- volume  |l 2017  |m 3238902365558 
952 f f |p preservation  |a Texas A&M University  |b J.J. Pickle Campus  |c High Density Repository  |d Remote Storage  |t 0  |e SF 611 A51186m  |h National Library of Medicine classification  |i unmediated -- volume  |l 2018  |m 323890237269B 
952 f f |p preservation  |a Texas A&M University  |b J.J. Pickle Campus  |c High Density Repository  |d Remote Storage  |t 0  |e SF 611 A51186m  |h National Library of Medicine classification  |i unmediated -- volume  |l 1996  |m 323890154667B 
952 f f |p preservation  |a Texas A&M University  |b J.J. Pickle Campus  |c High Density Repository  |d Remote Storage  |t 0  |e SF 611 A51186m  |h National Library of Medicine classification  |i unmediated -- volume  |l 2014  |m 3238902524386 
952 f f |p preservation  |a Texas A&M University  |b J.J. Pickle Campus  |c High Density Repository  |d Remote Storage  |t 0  |e SF 611 A51186m  |h National Library of Medicine classification  |i unmediated -- volume  |l 1990  |m 3238902329716 
952 f f |p preservation  |a Texas A&M University  |b J.J. Pickle Campus  |c High Density Repository  |d Remote Storage  |t 0  |e SF 611 A51186m  |h National Library of Medicine classification  |i unmediated -- volume  |l 2012  |m 3238902179506 
952 f f |p preservation  |a Texas A&M University  |b J.J. Pickle Campus  |c High Density Repository  |d Remote Storage  |t 0  |e SF 611 A51186m  |h National Library of Medicine classification  |i unmediated -- volume  |l 2011  |m 323890222598A 
952 f f |p preservation  |a Texas A&M University  |b J.J. Pickle Campus  |c High Density Repository  |d Remote Storage  |t 0  |e SF 611 A51186m  |h National Library of Medicine classification  |i unmediated -- volume  |l 1991  |m 3238902321976 
952 f f |p preservation  |a Texas A&M University  |b J.J. Pickle Campus  |c High Density Repository  |d Remote Storage  |t 0  |e SF 611 A51186m  |h National Library of Medicine classification  |i unmediated -- volume  |l 1994  |m 3238901052460 
952 f f |p preservation  |a Texas A&M University  |b J.J. Pickle Campus  |c High Density Repository  |d Remote Storage  |t 0  |e SF 611 A51186m  |h National Library of Medicine classification  |i unmediated -- volume  |l 1989  |m 3238902605342 
952 f f |p preservation  |a Texas A&M University  |b J.J. Pickle Campus  |c High Density Repository  |d Remote Storage  |t 0  |e SF 611 A51186m  |h National Library of Medicine classification  |i unmediated -- volume  |l 2015  |m 3238902350282 
998 f f |a SF 611 A51186m  |s 2014-2015,2017-2018  |t 0  |l Remote Storage